[Event "EU-chT U18 12th"]
[Site "Pardubice"]
[Date "2012.07.17"]
[Round "8"]
[White "Pranizin, Gennady"]
[Black "Tesik, Csaba"]
[Result "1/2-1/2"]
[WhiteElo "2164"]
[BlackElo "2353"]
[PlyCount "82"]
[EventDate "2012.07.12"]
[EventType "team-tourn"]
[EventRounds "9"]
[EventCountry "CZE"]
[SourceTitle "EXT 2020"]
[Source "ChessBase"]
[SourceDate "2019.10.17"]
[SourceVersion "1"]
[SourceVersionDate "2019.10.17"]
[SourceQuality "1"]
[WhiteTeam "Yamal U18"]
[BlackTeam "Hungary U18"]
[WhiteTeamCountry "RUS"]
[BlackTeamCountry "HUN"]

1. e4 c5 2. Nc3 e6 3. g3 d5 4. Bg2 Nf6 5. d3 Nc6 6. Nge2 d4 7. Nb1 e5 8. h3 Be6 9. f4 Be7 10. 0-0 Qc7 11. fxe5 Nxe5 12. Nf4 0-0-0 13. Na3 Kb8 14. Nxe6 fxe6 15. Bf4 Nfd7 16. Nc4 g5 17. Bxe5 Nxe5 18. Nxe5 Qxe5 19. Rf7 Bd6 20. Qf3 Rhf8 21. Rf1 Rxf7 22. Qxf7 Qxg3 23. e5 Bc7 24. Qf3 Qxf3 25. Rxf3 Rd7 26. Rf8+ Bd8 27. Re8 Kc7 28. Rxe6 Re7 29. Rxe7+ Bxe7 30. Be4 h6 31. Kg2 Bf8 32. Kf3 Bg7 33. e6 Kd6 34. Bd5 Bf8 35. Ke4 b6 36. a4 Be7 37. Bc4 h5 38. Kf5 Bd8 39. Ba6 g4 40. hxg4 hxg4 41. Bb7 g3 1/2-1/2

[Event "EU-chT U18 12th"]
[Site "Pardubice"]
[Date "2012.07.16"]
[Round "7"]
[White "Srbis, Jurica"]
[Black "Pranizin, Gennady"]
[Result "1-0"]
[WhiteElo "2303"]
[BlackElo "2164"]
[PlyCount "75"]
[EventDate "2012.07.12"]
[EventType "team-tourn"]
[EventRounds "9"]
[EventCountry "CZE"]
[SourceTitle "EXT 2020"]
[Source "ChessBase"]
[SourceDate "2019.10.17"]
[SourceVersion "1"]
[SourceVersionDate "2019.10.17"]
[SourceQuality "1"]
[WhiteTeam "Croatia U18"]
[BlackTeam "Yamal U18"]
[WhiteTeamCountry "CRO"]
[BlackTeamCountry "RUS"]

1. e4 e5 2. Nf3 Nc6 3. Bb5 Nf6 4. 0-0 Nxe4 5. d4 Nd6 6. Bxc6 dxc6 7. dxe5 Nf5 8. Qxd8+ Kxd8 9. Nc3 h6 10. h3 Be6 11. b3 a5 12. Bb2 Kc8 13. Rad1 c5 14. Rd2 b6 15. Rfd1 Kb7 16. a4 g5 17. Nd5 Bg7 18. g4 Nd4 19. Nxd4 cxd4 20. Nf6 Bxf6 21. exf6 c5 22. Re2 h5 23. Rxe6 fxe6 24. h4 hxg4 25. hxg5 Kc6 26. c3 Rh5 27. Bc1 Kd5 28. cxd4 cxd4 29. f7 Rah8 30. Rxd4+ Ke5 31. Rxg4 Rh1+ 32. Kg2 Rxc1 33. g6 Rcc8 34. g7 Rhg8 35. fxg8Q Rxg8 36. Kf3 Kf6 37. Ke4 e5 38. f3 1-0